| 000 | 01054nam a2200253 a 4500 | ||
|---|---|---|---|
| 001 | 48000 | ||
| 003 | BD-RjUL | ||
| 005 | 20211209054435.0 | ||
| 008 | 160811s1993 ii ||||| |||| 00| 0 ben d | ||
| 020 |
_a818545907X _c: IRs.60.00 |
||
| 035 | _a(BD-RjUL)48119 | ||
| 040 |
_aBD-RjUL _bben _cBD-RjUL _dBD-RjUL |
||
| 041 | _aben | ||
| 082 |
_223 _a891.4409 _bSAT 1993 |
||
| 245 | 1 | 0 |
_aসত্যজিৎ-প্রতিভা / _cসম্পাদনা বিজিত ঘোষ |
| 260 |
_aকলকাতা : _bর্যাডিক্যাল ইম্প্রেশন, _c১৯৯৩. |
||
| 300 |
_a২৭২ পৃ. ; _c২৩ সেমি. |
||
| 600 |
_aরায়, সত্যজি _d১৯২১-১৯৯২ _9145586 |
||
| 600 |
_aRay, Satyajit _d1921-1992 _9137565 |
||
| 650 |
_aবাংলা সাহিত্য _vইতিহাস ও সমালোচনা _9117445 |
||
| 650 |
_aBengali literature _vHistory and Criticism _9145584 |
||
| 700 |
_aঘোষ, বিজিত সম্পাদনা _9145585 |
||
| 942 |
_2ddc _cBK |
||
| 999 |
_c48000 _d48000 |
||